000 00503 a2200181 4500
999 _c5498
_d5498
010 _aENG-86885
020 _c350.00
_a8181573501
035 _aEN-70418
037 _bDBAD / PUB
082 1 4 _aN
100 1 _aGhosh, Priyo
245 1 _aYou are fired :
_cby Priyo Ghosh
_ba novel /
260 _aKolkata
_bWriters Workshop
_c2005
270 _a162/92, Lake Gardens,
_bKolkata
_cW.B.
_e110 045
300 _a340p
_c22cm (Hb)
490 _aWriters workshop greenbird book
942 _adpl
_cEN
_2ddc
_hN
_mGHO